000 00478nam a2200145Ia 4500
008 221007s9999 xx 000 0 und d
041 _aeng
082 _bAVA
100 _aAvani Godbole - 2k181136 & Prof Ranjana Gogate - Guide
_9105078
245 2 _aA Study On Technical Analysis Of Selected Equities In Automobile Sectore Of National Stock Exchange
260 _c2019
_bSavitribai Phule Pune University
_aPune
300 _a52p
_cHard Bound
440 _v1
906 _bGeneral
999 _c79978
_d79978